000 00619nam a2200229 i 4500
001 C2-0225904
003 PPAK
005 20180728153940.0
008 000613s1958 enk |||| ||||| | may d
040 _aPPAK
_beng
_cPPAK
_erda
082 0 4 _a882.33
_223
090 0 0 _a882.33
_bWYA
_dKIH
245 0 0 _aCherita - cherita Shakespeare
264 1 _aLondon :
_bPustaka Pena Emas ,
_c1958
300 _a118 pages' ;
_c18 cm
336 _2rdacontent
_atext
337 _2rdamedia
_aunmediated
338 _2rdacarrier
_avolume
650 1 0 _aEnglish fiction - translator into Malay
700 _eauthor
942 _ddc
_cB
999 _c146473
_d146473